000 00343nam a2200133Ia 4500
005 20240530102937.0
008 140319s9999 xx 000 0 ara d
040 _aGCL /
_cGCL
082 0 4 _a811.062
_bم ا
100 0 _aمحمد التهامى
245 1 0 _aانا مسلم /
_cمحمد التهامى
300 _a95 ص
942 _2ddc
_cBK
999 _c35564
_d35564